00349nam a2200133 a 45000010010000000030011000100080041000210350026000620820014000881000023001022450038001252600035001636500017001980000-9250ELIB.Books110520 1977  a(ELIB.Books)0000-9402 a232 bCol aCollins, Gerald O. aWhat are they Saying about Jesus? bNew York: Paulist Press c1977 aJesus Christ